| 000 | 00668cam a22001811 4500 | ||
|---|---|---|---|
| 082 |
_a671.732 _bRIC _cL-32, P-60 |
||
| 100 | 1 |
_aRichards, Edward Samuel. _945075 |
|
| 245 | 1 | 0 |
_aChromium plating; _ba text-book for the practical electroplater, the production engineer and the student, _cby Edward S. Richards. Foreword by J. B. Maclean. |
| 250 | _a3rd ed., | ||
| 260 |
_aLondon, _bGriffin, _c1950. |
||
| 300 |
_a154 p. _bfront., illus., fold. pl. _c20 cm. |
||
| 490 | 0 | _aGriffin's scientific text-books | |
| 500 | _aExtra numbered pages. | ||
| 526 |
_a0 _b0 _c0 _d671_732000000000000_RIC |
||
| 650 | 0 |
_aChromium-plating. _945076 |
|
| 650 | 0 |
_aMCE _9379 |
|
| 942 |
_2ddc _cBK |
||
| 999 |
_c548676 _d548676 |
||